|
|
|
|
| LEADER |
01374nam a2200421 a 4500 |
| 001 |
nkc20142603600 |
| 003 |
CZ PrNK |
| 005 |
20150129153834.0 |
| 007 |
ta |
| 008 |
140630s2014 xr g 000 f cze |
| 015 |
|
|
|a cnb002603600
|
| 020 |
|
|
|a 978-80-7411-080-1
|q (váz.)
|
| 035 |
|
|
|a (OCoLC)886606731
|
| 040 |
|
|
|a BOA001
|b cze
|d OLA001
|d ABA001
|
| 041 |
1 |
|
|a cze
|h eng
|
| 072 |
|
7 |
|a 821.111(73)-3
|x Americká próza
|2 Konspekt
|9 25
|
| 080 |
|
|
|a 821.111(73)-31
|2 MRF
|
| 080 |
|
|
|a (0:82-312.5)
|2 MRF
|
| 080 |
|
|
|a (0:82-311.6)
|2 MRF
|
| 100 |
1 |
|
|a Scott, Amanda,
|d 1944-
|7 xx0161648
|4 aut
|
| 245 |
1 |
0 |
|a Šlechtična z pomezí /
|c Amanda Scott ; [z anglického originálu ... přeložila Eva Fuková]
|
| 250 |
|
|
|a 1. vyd.
|
| 260 |
|
|
|a Ostrava :
|b OLDAG,
|c 2014
|
| 300 |
|
|
|a 284 s. ;
|c 21 cm
|
| 490 |
1 |
|
|a Orchidej ;
|v sv. 94
|
| 655 |
|
7 |
|a americké romány
|7 fd131796
|2 czenas
|
| 655 |
|
7 |
|a milostné romány
|7 fd132840
|2 czenas
|
| 655 |
|
7 |
|a historické romány
|7 fd132414
|2 czenas
|
| 655 |
|
9 |
|a American fiction
|2 eczenas
|
| 655 |
|
9 |
|a love novels
|2 eczenas
|
| 655 |
|
9 |
|a historical novels
|2 eczenas
|
| 765 |
0 |
|
|t Border moonlight
|9 Česky
|
| 830 |
|
0 |
|a Orchidej
|0 s
|
| 910 |
2 |
|
|a BOA001
|b 2-1257.413
|
| 990 |
|
|
|a BK
|
| 995 |
|
|
|a 01
|
| 991 |
|
|
|b 201407
|c NOV
|e b
|
| 996 |
6 |
|
|b 2610596408
|c 2-1257.413
|l MZK
|r Sklad / do 1 hodiny
|n 1
|p p.v.
|w 001433963
|u 000010
|a 1
|e BOA001
|j MZK50
|s P
|